| 000 | 01462cam a22003855a 4500 | ||
|---|---|---|---|
| 001 | 17888464 | ||
| 003 | OSt | ||
| 005 | 20180116183016.0 | ||
| 008 | 130917s2014 caua b 001 0 eng d | ||
| 010 | _a 2013950620 | ||
| 020 | _a9781446270790 (pbk.) | ||
| 020 | _a1446270793 (pbk.) | ||
| 020 | _a1446270785 | ||
| 020 | _a9781446270783 | ||
| 035 | _a(OCoLC)ocn880951992 | ||
| 040 |
_aTULIB _beng _cTULIB _dTULIB _dNLE _dYDXCP _dUKMGB _dBDX _dCDX _dDEBBG _dOCLCO _dCLE _dOCLCF _dUKWOH _dUAB _dOCLCA _dDLC |
||
| 042 | _alccopycat | ||
| 082 | 0 | 4 |
_a658.3 CRA 2014 _223 |
| 100 | _aJonathan R. Crawshaw Pawan Budhwar Ann Davis | ||
| 245 | 0 | 0 |
_aHuman Resource Management _bstrategic and international perspectives _cedited by Jonathan R. Crawshaw, Pawan S. Budhwar and Ann Davis. |
| 260 |
_aLos Angeles : _bSAGE, _c2014. |
||
| 300 |
_axxiii, 373 p. : _bcol. ill. ; _c23 cm. |
||
| 440 | _aHuman Resource Management | ||
| 504 | _aIncludes bibliographical references (p. 328-365) and index. | ||
| 600 | _aJonathan R. Crawshaw Pawan Budhwar Ann Davis | ||
| 650 | 0 | _aPersonnel management. | |
| 650 | 7 |
_aPersonnel management. _2fast |
|
| 700 | 1 | _aCrawshaw, Jonathan R. | |
| 700 | 1 | _aBudhwar, Pawan S. | |
| 700 | 1 |
_aDavis, Ann _c(Lecturer in organisational psychology) |
|
| 906 |
_a0 _bibc _ccopycat _d2 _encip _f20 _gy-gencatlg |
||
| 942 |
_2ddc _cBK |
||
| 999 |
_c350396 _d350396 |
||